| 000 | 005870000a22001930004500 | ||
|---|---|---|---|
| 020 | _a84-301-1059-3 | ||
| 041 | 0 | _aSPA | |
| 082 | 0 | 4 | _aG 266.001 D538i |
| 100 | 1 | _aDianich, Severino (1934-) | |
| 245 | 1 | 0 | _aIglesia en misión : Hacia una eclesiología dinámica / Severino Dianich ; Alfonso Otíz García, Traductor |
| 260 | _aSalamanca, España : Sígueme | ||
| 300 | _a287 Pag | ||
| 500 | _aTítulo original : Chiesa in missione | ||
| 001 | 7338 | ||
| 942 | _cBK | ||
| 999 |
_c37554 _d37554 |
||
| 336 |
_atexto _btxt _2rdacontent |
||
| 337 |
_2rdamedia _asin mediación _bn |
||
| 338 |
_2rdacarrier _avolumen _bnc |
||